000 00675cam a2200253 i 4500
001 0000571
003 DO-SdBNP
005 20160726095637.0
007 0000571
008 100514s 1956 sp a 000 f spa
015 _a
017 _a
_b
035 _a
040 _aBPMSU
_bspa
_cBPMSU
_e
080 _a
100 1 _aFerretti, Annamaría
240 1 0 _aRobi e la collana etrusca /
_lita.
245 1 0 _aRodi y el collar etrusco /
_cAnnamaría Ferretti ; traducción Monserrat Guasch
260 _aBarcelona :
_bmolino,
_c1956.
300 _a158 p.:
_bil.
_c24 m
700 1 2 _aGuasch, Montserrat
_etrad.
942 _2ddc
_cBK
956 _aYLOCKWARD
_810
_cBPMSU
999 _c11029
_d11029